| 000 | 00461nam a22001817a 4500 | ||
|---|---|---|---|
| 003 | MPLRDC | ||
| 005 | 20220104143253.0 | ||
| 008 | 210129b ||||| |||| 00| 0 eng d | ||
| 020 | _a7-200-00115-5 | ||
| 082 | _a785.2 LSF | ||
| 100 | _aH.H. 雅科夫列夫 | ||
| 245 |
_a轮椅总统罗斯福 _c宋竹音 等译 |
||
| 250 | _a一版二刷 | ||
| 260 |
_a _b北京出版社 _c1988 |
||
| 300 | _b平 | ||
| 650 | _a美国总统传记 | ||
| 942 |
_cBK _o785.2 LSF |
||
| 999 |
_c38262 _d38252 |
||